Hoạt động giáo dục ngoài giờ lên lớp 7 Sách giáo viên

שמור ב:
מידע ביבליוגרפי
מחבר ראשי: Hà, Nhật Thăng
מחברים אחרים: Nguyễn, Dục Quang
פורמט: ספר
שפה:Undetermined
יצא לאור: H. Giáo dục 2004
נושאים:
גישה מקוונת:http://lrc.tdmu.edu.vn/opac/search/detail.asp?aID=2&ID=4786
תגים: הוספת תג
אין תגיות, היה/י הראשונ/ה לתייג את הרשומה!
Thư viện lưu trữ: Trung tâm Học liệu Trường Đại học Thủ Dầu Một
LEADER 00718nam a2200217Ia 4500
001 TDMU_4786
008 210410s9999 xx 000 0 und d
082 |a 371.8072 
090 |b H100 
100 |a Hà, Nhật Thăng 
245 0 |a Hoạt động giáo dục ngoài giờ lên lớp 7 
245 0 |b Sách giáo viên 
245 0 |c Hà Nhật Thăng 
260 |a H. 
260 |b Giáo dục 
260 |c 2004 
300 |a 152tr 
650 |a Sách lớp 7  |v Giáo viên; Hoạt động ngoại khóa 
700 |a Nguyễn, Dục Quang 
856 |u http://lrc.tdmu.edu.vn/opac/search/detail.asp?aID=2&ID=4786 
980 |a Trung tâm Học liệu Trường Đại học Thủ Dầu Một